Evénements du 29 avril - Statistiques

Statistiques générales
  • Ce quiz a été pris 30 fois
  • Le résultat moyen est 8 sur 15
Statistiques - réponses
Hint Réponse % Correct
Libération du camp de Dachau ET 1er vote des femmes en France 1945
96%
Mariage de William de Cambridge et Catherine Middleton 2011
92%
Richelieu devient ministre de Louis XIII 1624
88%
Naissance de l'acteur Jean Rochefort 1930
88%
Création du WWF ET Débuts de Luciano Pavarotti 1961
71%
Création du gouvernement tibétain en exil 1959
63%
Naissance du futur tsar Alexandre II 1818
54%
Naissance du maréchal Jean-Baptiste Jourdan 1762
50%
Naissance de Gérard Oury 1919
33%
Naissance de l'empereur Hirohito 1901
29%
Naissance de Tino Rossi 1907
29%
Dépôt du brevet de la fermeture à glissière 1914
25%
Expulsion des moines de la Grande Chartreuse 1903
21%
Grand incendie de Montréal 1877
13%
Une voiture électrique passe les 100km/h ET Naissance de Duke Ellington 1899
13%
Aucun quiz correspondant
Distribution des résultats
% des personnes avec chaque résultat
Percentile par nombre de réponses
Votre historique - résultats
Vous n’avez pas pris ce quiz